Introduction to switching theory and logical desing
Na minha lista:
| Autor principal: | |
|---|---|
| Outros Autores: | |
| Formato: | Livro |
| Idioma: | English |
| Publicado em: |
New York, New York : Willey
1968.
|
| Assuntos: | |
| Tags: |
Adicionar Tag
Sem tags, seja o primeiro a adicionar uma tag!
|
MARC
| LEADER | 00000nam a2200000Ia 4500 | ||
|---|---|---|---|
| 003 | 000545 | ||
| 005 | 20221231143944.0 | ||
| 008 | 140114s1968 nyua 000 ||eng d | ||
| 040 | |c cru CEDI | ||
| 082 | |a 621.381.5 H646i | ||
| 100 | |a Hill, Fredrick J. |9 19215 | ||
| 245 | |a Introduction to switching theory and logical desing | ||
| 260 | |a New York, New York : Willey |c 1968. | ||
| 300 | |a xiii, 449 páginas : ilustraciones ; 23 cm | ||
| 650 | |x ELECTRICIDAD - DISPOSITIVOS DE DISTRIBUCION |9 19217 | ||
| 700 | |9 19216 |a Peterson, Gerald R. | ||
| 942 | |2 ddc |c BK | ||
| 999 | |c 14745 |d 14745 | ||
